El español de América: actas

Gespeichert in:
Bibliographische Detailangaben
Körperschaft: Pontificia Universidad Católica de chile (VerfasserIn)
Format: Buch
Sprache:Spanisch
Veröffentlicht: Santiago PUC 1995
Schlagworte:
Tags: Tag hinzufügen
Keine Tags, Fügen Sie den ersten Tag hinzu!

MARC

LEADER 00000nam a2200000 a 4500
001 UCT0786
003 CL-VaPUC
005 20250312125710.0
008 960906e19950000cl 1 spa d
082 0 4 |a 467.9  |b PON  |2 21 
110 2 |a Pontificia Universidad Católica de chile  |e author  |9 617980 
245 1 3 |a El español de América: actas 
260 |a Santiago  |b PUC  |c 1995 
300 |a v 
583 |a last modification  |c 20160817 05:47:34  |k Rodrigo Vera 
650 0 0 |a Español  |9 255372 
650 0 0 |a Gramática  |9 270497 
650 0 0 |a Lexicografía  |9 321487 
650 0 7 |a LINGUISTICA SIGLO 18  |2 CL-VaPUC  |9 617981 
650 0 0 |a Morfología  |9 334440 
650 0 0 |a Sociolingüística  |9 263716 
650 0 0 |a Etnolingüística  |9 341076 
651 0 |a América  |9 255182 
942 |c BK 
945 |a nastorga  |d 19960906 00:00:00 
546 |a En Español 
518 |p Congreso Internacional de El español de américa, 4, diciembre 1992 
999 |c 382733  |d 382731 
952 |0 0  |1 0  |4 0  |6 467_900000000000000_PON_1995  |7 0  |8 A  |9 504595  |a FDOPOS  |b FDOPOS  |d 2020-01-23  |h v.1  |i 3228517  |o 467.9 PON 1995  |p 3228517  |r 2025-01-22  |w 2020-01-23  |y BK  |k MLA 
952 |0 0  |1 0  |4 0  |6 467_900000000000000_PON_1995  |7 0  |8 A  |9 504596  |a FDOPOS  |b FDOPOS  |d 2020-01-23  |h v.2  |i 3228525  |o 467.9 PON 1995  |p 3228525  |r 2025-01-22  |w 2020-01-23  |y BK  |k MLA 
952 |0 0  |1 0  |4 0  |6 467_900000000000000_PON_1995  |7 0  |8 A  |9 504597  |a FDOPOS  |b FDOPOS  |d 2020-01-23  |h v.1  |i 3690342  |o 467.9 PON 1995  |p 3690342  |r 2025-01-22  |w 2020-01-23  |y BK  |k MLA 
952 |0 0  |1 0  |4 0  |6 467_900000000000000_PON_1995  |7 0  |8 A  |9 504598  |a FDOPOS  |b FDOPOS  |d 2020-01-23  |h v.2  |i 3690350  |o 467.9 PON 1995  |p 3690350  |r 2025-01-22  |w 2020-01-23  |y BK  |k MLA